| 000 | 00527nam a22001937a 4500 | ||
|---|---|---|---|
| 003 | OSt | ||
| 005 | 20140310181757.0 | ||
| 008 | 130702t xxu||||| |||| 00| 0 eng d | ||
| 020 | _a0851127657 | ||
| 050 |
_aQ 121 _b.G964 1994 |
||
| 082 |
_aREF 030 _bG957 1994 |
||
| 245 |
_aThe Guinness science fact book / _cGuinness Publishing. |
||
| 260 |
_aMiddlesex, England : _bGuinness Publishing Ltd, _cc1994. |
||
| 300 |
_a256 p. _bill. ; _c21 cm. |
||
| 521 | _a | ||
| 541 | _j1 | ||
| 562 | _e1 | ||
| 942 |
_2lcc _cBK-GR _kREF |
||
| 999 |
_c3517 _d3517 |
||